000 01576nam a2200337 i 4500
001 768714001
003 CO-MdFUSB
005 20230510131015.0
007 ta
008 211006t1988 -usacob| |||| 00| 0 eng d
020 _a0907791131
040 _aCO-MdFUSB
_bspa
_cCO-MdFUSB
_dCO-MdFUSBC
_erda
041 _aeng
082 _223
_a986.1861
_bSCH386
100 _aSchultes, Richard Evans,
_eautor
245 1 _aWhere the gods reign :
_bplants and peoples of the Colombian Amazon
_c/ Richard Evans Schultes
264 1 _aEstados Unidos, Arizona :
_bSynergetic Press,
_c[1988]
264 4 _c© 1988
300 _a306 páginas
_bimágenes, ilustraciones a blanco y negro
_c; 26 cm
336 _2rdacontent
_atexto
_btxt
337 _2rdamedia
_asin mediación
_bn
338 _2rdacarrier
_avolumen
_bnc
505 _aLa Amazonía. -- Montañas. -- Ríos. -- Rápidos y cascadas. -- Grabados rupestres. -- Bosque. -- Plantas. -- Casas. -- Hombres y mujeres. -- Niños. -- Caciques y curanderos. -- Leyendas. -- Drogas. -- Coca. -- Venenos de flecha. -- Pesca. -- Agricultura. -- Comida. -- Caucho. -- Música y bailes. -- Arte. -- Viaje.
520 _aWhere the Gods Reign es un magnífico libro de uno de los más grandes exploradores etnobotánicos conocidos en este siglo. Es imprescindible para los interesados ​​en la antropología cultural, la etnobotánica y la Amazonía en general.
563 _aRústico
650 0 _92
_aEtnología
653 _aIndios de América del Sur - Colombia.
942 _cBK
945 _aJTF-925
999 _c66925
_d66925